000 00793nam a2200301Ia 4500
001 7547
003 IT-RoPAU
008 130308s9999 xx 000 0 und d
040 _aIT-RoPAU
040 _cIT-RoPAU
041 _aINGLESE
100 _aSelavy Rrose
100 _gCodice Aut. SPICS: 12579
245 _aMen Before the Mirror
245 _bImmagine Fotografica (L')
250 _a1a ed.
260 _aVENEZIA
260 _bLa Biennale/Eri
260 _c1977 [1° Ed.:1977 - Ed.Ling.Originale:1934]
300 _a"2 p. (prefazione: no ; testo: 2 [pagine: 223-224])"
500 _aUomini Davanti Allo Specchio Man Ray
650 _aAUTORI/OPERE DI FOTOGRAFIA
650 _eCodice materia Spics: 6757
942 _cBK
957 _71
999 _c50914
_d50914
999 _bSI
999 _g1